00296nam a2200097Ia 4500008004100000020001300041100001900054245005500073260005200128300001800180180219s9999 xx 000 0 und d a26129507 aSperber, Manes aMasks of loneliness :bAlfred adler in perspective aNew york City :bMacmillan publishing Co.c1974 aix, 245 pages